Bandwagon Quiz - New York Yankees - Statistics

General Stats
  • This quiz has been taken 309 times
  • The average score is 16 of 20
Answer Stats
Hint Answer % Correct
What is the name of the park where the Yankees play? Yankee Stadium
99%
How many championships have the Yankees won? 27
98%
In which of the New York City boroughs do the Yankees play? The Bronx
98%
Who leads the Yankees in all-time home runs? Babe Ruth
97%
In what year did the Yankees win their most recent championship? 2009
95%
The Yankees are famous for what feature on their jerseys? Pinstripes
95%
What Yankees closer famously entered games to "Enter Sandman" by Metallica? Mariano Rivera
94%
What other team is considered to be the arch-rival of the Yankees? Boston Red Sox
91%
Who leads the Yankees in all-time hits? Derek Jeter
89%
Who currently manages the Yankees? Aaron Boone
87%
What Yankee threw a perfect game on June 28, 2023? Domingo German
81%
What former Yankee was married to Marilyn Monroe? Joe DiMaggio
80%
The Yankees' win song is "New York, New York" by what artist? Frank Sinatra
78%
What was the nickname for the 1927 Yankees due to their home run-heavy lineup? Murderers Row
69%
Who leads the Yankees in all-time wins? Whitey Ford
67%
What is the name for the group of particularly nasty Yankees fans in Section 203? Bleacher Creatures
61%
Who owns the Yankees? Hal Steinbrenner
57%
Who is the current Yankees play-by-play announcer? Michael Kay
55%
What is the name of the Yankees' Triple-A affiliate? Scranton/Wilkes-Barre RailRiders
46%
The Yankees share a distinction with the Angels and the Dodgers in that they don't have what? A Mascot
28%
No matching quizzes found
Score Distribution
Percent of People with Each Score
Percentile by Number Answered
Your Score History
You have not taken this quiz